000 00939nam a2200277 i 4500
003 EG-GICUC
005 20260429094551.0
008 260429s1991 ua ||||fr|||| 00| 0 ara d
040 _aEG-GiCUC
_bara
_cEG-GiCUC
_dEG-GiCUC
_eRda
082 0 4 _221
_a341.37
_bم ج
092 0 4 _221
099 _aLaw1 11 341 .37 م ج 1991
245 0 0 _aمجموعة المعاهدات 1987.
_n
_c
264 1 _aالقاهرة :
_bالهيئة العامة لشئون المطابع الأميرية،
_c1991.
300 _a515page :
_billustration ;
_c 24 cm.
336 _2rda contenu
_a texte
337 _2rda medias
_aOrdinateur
338 _2 transporteur rda
_a Ressource en ligne
504 _a
546 _aالنص باللغة العربية
650 1 4 _aالمعاهدات - قانون دولى
_2
651 1 _2
856 4 0 _uhttps://fll.law.cu.edu.eg/fulltext/bks/B11-09624.pdf
905 _a50
942 _2ddc
_cBK
_e21
_n0
999 _c74046
_d74046